000 00294nam a2200121Ia 4500
008 190216s9999||||xx |||||||||||||| ||und||
100 _aEdasseri Govindan Nair
245 0 _aKoottukrishi
260 _bPoorna Pubs Kozhikode
_c1950
300 _a120p
650 _aMalayalam Nadakam
942 _cBK
999 _c24401
_d24401